00775nam a2200229 i 45000010005000000030009000050050017000140070003000310080041000340200018000750800012000931000026001052450064001312600042001953000022002374900031002596500034002908300039003248520045003639990015004089520122004235667ES-MaACL20230906144644.0t|890418s1977 sp ||||1| spa d a84-339-1407-3 a33(091)1 aDowidar, M. H.94553113aLa Economía política, ciencia social / cM. H. Dowidar. aBarcelona : bAnagrama, cD. L. 1977. a327 p. ; c20 cm.1 aElementos críticos ; v714aEconomía-vHistoria.9120120 aElementos críticos ; v79180219 aES-MaACLjL-12638 bR.115657 z. - rust. c5667d5667 00104070aATENEOMbATENEOMcDEPO2d2008-01-17eSCl0oL-12638p1005747r2023-02-23 00:00:00w2023-02-23yMONOGRAFIA